<?xml version="1.0" encoding="UTF-8"?>
<record
    xmlns:xsi="http://www.w3.org/2001/XMLSchema-instance"
    xsi:schemaLocation="http://www.loc.gov/MARC21/slim http://www.loc.gov/standards/marcxml/schema/MARC21slim.xsd"
    xmlns="http://www.loc.gov/MARC21/slim">

  <leader>04611cam a2200277   4500</leader>
  <controlfield tag="001">7689</controlfield>
  <controlfield tag="005">20181127184139.0</controlfield>
  <controlfield tag="008">050221s2004    enka     b    001 0 eng d</controlfield>
  <datafield tag="020" ind1=" " ind2=" ">
    <subfield code="a">1840649534</subfield>
  </datafield>
  <datafield tag="100" ind1=" " ind2=" ">
    <subfield code="a">Cheshire, Paul C.</subfield>
    <subfield code="b"></subfield>
    <subfield code="c"></subfield>
    <subfield code="d"></subfield>
    <subfield code="e">editor</subfield>
    <subfield code="q"></subfield>
  </datafield>
  <datafield tag="245" ind1="0" ind2="0">
    <subfield code="a">Recent developments in urban and regional economics /</subfield>
    <subfield code="c">edited by Paul C. Cheshire and Gilles Duranton.</subfield>
  </datafield>
  <datafield tag="260" ind1=" " ind2=" ">
    <subfield code="a">Cheltenham ;</subfield>
    <subfield code="a">Northampton, Mass. :</subfield>
    <subfield code="b">Elgar Pub.,</subfield>
    <subfield code="c">c2004.</subfield>
  </datafield>
  <datafield tag="300" ind1=" " ind2=" ">
    <subfield code="a">xxvi, 607 p. :</subfield>
    <subfield code="b">ill. ;</subfield>
    <subfield code="c">25 cm.</subfield>
  </datafield>
  <datafield tag="490" ind1="1" ind2=" ">
    <subfield code="a">Elgar Reference Collection</subfield>
  </datafield>
  <datafield tag="490" ind1="1" ind2=" ">
    <subfield code="a">International library of critical writings in economics ;</subfield>
    <subfield code="v">182</subfield>
  </datafield>
  <datafield tag="504" ind1=" " ind2=" ">
    <subfield code="a">Includes bibliographical references and index.</subfield>
  </datafield>
  <datafield tag="505" ind1=" " ind2=" ">
    <subfield code="a">Contents:AcknowledgementsIntroduction Paul C. Cheshire        and Gilles DurantonPART I INSIDE THE CITY (OR        THEORETICALLY INSIDE THE CITY...): THEORETICAL ANALYSIS        OF CITY STRUCTURE 1. Dennis R. Capozza and Robert W.        Helsley (1990), `The Stochastic City'2. Mitsuru Ota and        Masahisa Fujita (1993), `Communication Technologies and        Spatial Organization of Multi-unit Firms in Metropolitan        Areas'3. Jan K. Brueckner, Jacques-Francois Thisse and        Yves Zenou (1999), `Why is Central Paris Rich and        Downtown Detroit Poor? An Amenity-Based Theory'4. Roland        Benabou (1994), `Human Capital, Inequality, and Growth: A        Local Perspective'PART IIINSIDE THE CITY (OR ...ACTUALLY       INSIDE THE CITY?): EMPIRICAL ANALYSIS OF CITY STRUCTURE       5. Marlon G. Boarnet (1994), `The Monocentric Model and       Employment Location'6. Keith R. Ihlanfeldt (1992),       `Intraurban Wage Gradients: Evidence by Race, Gender,       Occupational Class, and Sector'7. Lawrence Thurston and       Anthony M.J. Yezer (1994), `Causality in the       Suburbanization of Population and Employment'8. Paul       Cheshire and Stephen Sheppard (1995), `On the Price of       Land and the Value of Amenities'9. Jan K. Brueckner       (2000), `Urban Sprawl: Diagnosis and Remedies'PART III    SYSTEMS OF CITIES10. Gilles Duranton and Diego Puga    (2000), `Diversity and Specialisation in Cities: Why,    Where and When Does it Matter?'11. Vernon Henderson and    Randy Becker (2000), `Political Economy of City Sizes and    Formation'12. Alberto F. Ades and Edward L. Glaeser    (1995), `Trade and Circuses: Explaining Urban Giants'13.    Dora L. Costa and Matthew E. Kahn (2000), `Power Couples:    Changes in the Locational Choice of the College Educated,    1940-1990'PART IV THE EMPIRICS OF AGGLOMERATION AND    GROWTH 14. Antonio Ciccone and Robert E. Hall (1996),    `Productivity and the Density of Economic Activity'15.    Robert Dekle (2002), `Industrial Concentration and    Regional Growth: Evidence from the Prefectures'16.    Pierre-Philippe Combes (2000), `Economic Structure and    Local Growth: France, 1984-1993'17. David B. Audretsch    (1998), `Agglomeration and the Location of Innovative    Activity'18. Angel de la Fuente (2000), `Convergence    across Countries and Regions: Theory and Empirics'19.    Danny T. Quah (1996), `Twin Peaks: Growth and Convergence    in Models of Distribution Dynamics'20. Sergio J. Rey and    Brett D. Montouri (1999), `US Regional Income    Convergence: A Spatial Econometric Perspective'PART V THE   NEW ECONOMIC GEOGRAPHY 21. Paul Krugman (1991),   `Increasing Returns and Economic Geography'22. J. Peter   Neary (2001), `Of Hype and Hyperbolas: Introducing the   New Economic Geography'23. Gordon H. Hanson (1996),   `Localization Economies, Vertical Organization, and   Trade'24. Donald R. Davis and David E. Weinstein (1999),   `Economic Geography and Regional Production Structure: An   Empirical Investigation'PART VIPUBLIC FINANCE AND POLICY  25. Wallace E. Oates (1999), `An Essay on Fiscal  Federalism'26. Jacques Cremer, Antonio Estache and Paul  Seabright (1996), `Decentralizing Public Services: What  Can We Learn from the Theory of the Firm?'27. Joseph  Gyourko and Joseph Tracy (1991), `The Structure of Local  Public Finance and the Quality of Life'28. Edward M.  Gramlich (1994), `Infrastructure Investment: A Review  Essay'Name Index</subfield>
  </datafield>
  <datafield tag="520" ind1=" " ind2=" ">
    <subfield code="a">In this authoritative collection, Paul Cheshire and Gilles  Duranton have brought together the most significant  contributions to regional and urban economics since 1990.</subfield>
  </datafield>
  <datafield tag="650" ind1=" " ind2="0">
    <subfield code="a">Regional economics.</subfield>
  </datafield>
  <datafield tag="650" ind1=" " ind2="0">
    <subfield code="a">Regional planning</subfield>
    <subfield code="x">Economic aspects.</subfield>
  </datafield>
  <datafield tag="650" ind1=" " ind2="0">
    <subfield code="a">Urban economics.</subfield>
  </datafield>
  <datafield tag="700" ind1="1" ind2=" ">
    <subfield code="a">Cheshire, P. C.</subfield>
  </datafield>
  <datafield tag="700" ind1="1" ind2=" ">
    <subfield code="a">Duranton, Gilles.</subfield>
  </datafield>
  <datafield tag="830" ind1=" " ind2="0">
    <subfield code="a">Elgar reference collection.</subfield>
  </datafield>
  <datafield tag="830" ind1=" " ind2="0">
    <subfield code="a">International library of critical writings in economics ;</subfield>
    <subfield code="v">182.</subfield>
  </datafield>
  <datafield tag="999" ind1=" " ind2=" ">
    <subfield code="c">6595</subfield>
    <subfield code="d">6595</subfield>
  </datafield>
  <datafield tag="952" ind1=" " ind2=" ">
    <subfield code="0">0</subfield>
    <subfield code="1">0</subfield>
    <subfield code="2">ddc</subfield>
    <subfield code="4">0</subfield>
    <subfield code="7">0</subfield>
    <subfield code="8">MAIN</subfield>
    <subfield code="a">RTCLIB</subfield>
    <subfield code="b">RTCLIB</subfield>
    <subfield code="c">MAIN</subfield>
    <subfield code="h"> </subfield>
    <subfield code="i">11641</subfield>
    <subfield code="l">0</subfield>
    <subfield code="o">330 CHE</subfield>
    <subfield code="p">30012020</subfield>
    <subfield code="r">2018-11-27 00:00:00</subfield>
    <subfield code="w">2018-11-27</subfield>
    <subfield code="y">MAIN</subfield>
  </datafield>
</record>
